El Colegio de Doctores y Licenciados de Madrid (1899-1999) (Record no. 17515)

MARC details
000 -LEADER
campo de control de longitud fija 00651nam a2200181 i 4500
001 - NÚMERO DE CONTROL
campo de control 17515
003 - IDENTIFICADOR DE NÚMERO DE CONTROL
campo de control ES-MaACL
005 - FECHA Y HORA DE LA ÚLTIMA TRANSACCIÓN
campo de control 20230906151614.0
007 - CAMPO FIJO DE DESCRIPCIÓN FÍSICA--INFORMACIÓN GENERAL
campo de control de longitud fija t|
008 - DATOS DE LONGITUD FIJA--INFORMACIÓN GENERAL
campo de control de longitud fija 010323s2000 sp ||||1| spa d
020 ## - NÚMERO INTERNACIONAL ESTÁNDAR DEL LIBRO
Número Internacional Estándar del Libro 84-239-9628-X
080 ## - NÚMERO DE LA CLASIFICACIÓN DECIMAL UNIVERSAL
Número de la Clasificación Decimal Universal 37:061.231(460.27)
100 1# - ENTRADA PRINCIPAL--NOMBRE DE PERSONA
Nombre de persona Puelles Benítez, Manuel de.
9 (RLIN) 94134
245 13 - MENCIÓN DEL TÍTULO
Título El Colegio de Doctores y Licenciados de Madrid (1899-1999)
Resto del título : una historia pública /
Mención de responsabilidad, etc. Manuel de Puelles Benítez.
260 ## - PUBLICACIÓN, DISTRIBUCIÓN, ETC.
Lugar de publicación, distribución, etc. Madrid :
Nombre del editor, distribuidor, etc. Espasa-Calpe,
Fecha de publicación, distribución, etc. [2000]
610 2# - PUNTO DE ACCESO ADICIONAL DE MATERIA--NOMBRE DE ENTIDAD CORPORATIVA
Nombre de entidad corporativa o nombre de jurisdicción como elemento de entrada Colegio de Doctores y Licenciados en Filosofía y Letras y en Ciencias de Madrid-
Subdivisión general Historia.
9 (RLIN) 2902
852 ## - LOCALIZACIÓN
Ubicación ES-MaACL
Número de control de estantería L-24326
Sublocalización o colección R.129474
Holdings
Estatus retirado Estado de pérdida Estado de daño No para préstamo Biblioteca de origen Biblioteca actual Ubicación en estantería Fecha de adquisición Fuente de adquisición Total de préstamos Signatura topográfica completa Código de barras Visto por última vez Precio de reemplazo Tipo de ítem Koha
        Biblioteca del Ateneo de Madrid Biblioteca del Ateneo de Madrid Depósito 2 17/01/2008     L-24326 1017869 23/02/2023 23/02/2023 Libro impreso